[Event "ch-FRA Top 16 GpB"]
[Site "Cannes FRA"]
[Date "2005.04.01"]
[Round "5"]
[White "Marchadour,C"]
[Black "Guadalpi,C"]
[Result "0-1"]
[WhiteElo "2085"]
[BlackElo "1882"]
[EventDate "2005.03.31"]

1. e4 Nf6 2. e5 Nd5 3. d4 d6 4. c4 Nb6 5. Nf3 Nc6 6. exd6 cxd6 7. Be2 Bf5
8. d5 Nb8 9. O-O N8d7 10. Nd4 Bxb1 11. Rxb1 g6 12. f4 Bg7 13. b3 O-O 14.
Bb2 a5 15. f5 a4 16. fxg6 hxg6 17. b4 Rc8 18. Nf3 Bxb2 19. Rxb2 Nxc4 20.
Bxc4 Rxc4 21. Qxa4 Qb6+ 22. Kh1 Nf6 23. Qb3 Rfc8 24. Ng5 Rc3 25. Qd1 Qe3
26. Qd2 Rc1 27. Qxe3 Rxf1+ 28. Qg1 Rcc1 29. Nf3 Rxg1+ 30. Nxg1 Nxd5 31. h3
Nf4 32. Kh2 Nd3 33. Rb3 Rd1 34. Nf3 e5 35. a4 e4 36. Ng5 e3 37. Nf3 e2 38.
Rxd3 Rxd3 0-1

[Event "ch-FRA Top 16 GpB"]
[Site "Cannes FRA"]
[Date "2005.04.01"]
[Round "5"]
[White "Dgebuadze,A"]
[Black "Dorfman,J"]
[Result "1/2-1/2"]
[WhiteElo "2547"]
[BlackElo "2603"]
[EventDate "2005.03.31"]

1. e4 e5 2. Nf3 Nc6 3. Bb5 a6 4. Ba4 Nf6 5. O-O Be7 6. Re1 b5 7. Bb3 d6 8.
c3 O-O 9. h3 Nb8 10. d4 Nbd7 11. Nbd2 Bb7 12. Bc2 Re8 13. b3 Bf8 14. Bb2 g6
15. a3 Bg7 1/2-1/2

[Event "ch-FRA Top 16 GpB"]
[Site "Cannes FRA"]
[Date "2005.04.01"]
[Round "5"]
[White "Marciano,D"]
[Black "Moldovan,D"]
[Result "1/2-1/2"]
[WhiteElo "2522"]
[BlackElo "2411"]
[EventDate "2005.03.31"]

1. e4 d5 2. exd5 Qxd5 3. Nc3 Qd6 4. d4 c6 5. Bc4 Nf6 6. Nf3 Bg4 7. Be3 e6
8. h3 Bxf3 9. Qxf3 Nbd7 10. O-O Qc7 11. Rad1 Bd6 12. Ne4 Nxe4 13. Qxe4 O-O
14. Bd3 g6 15. c3 1/2-1/2

[Event "ch-FRA Top 16 GpB"]
[Site "Cannes FRA"]
[Date "2005.04.01"]
[Round "5"]
[White "Berthelot,Y"]
[Black "Kosten,A"]
[Result "0-1"]
[WhiteElo "2323"]
[BlackElo "2527"]
[EventDate "2005.03.31"]

1. e4 e6 2. d4 d5 3. Nc3 Nf6 4. Bg5 Bb4 5. e5 h6 6. Be3 Ne4 7. Qg4 Kf8 8.
a3 Bxc3+ 9. bxc3 Nxc3 10. Bd3 Nc6 11. h4 f5 12. Qf4 Bd7 13. Ne2 Nxe2 14.
Kxe2 Qe8 15. g4 Ne7 16. Rab1 b6 17. Rhg1 Qf7 18. gxf5 Nxf5 19. Rg4 a6 20.
Rbg1 Bb5 21. c4 Bxc4 22. Bxc4 dxc4 23. d5 Re8 24. dxe6 Rxe6 25. Qe4 Kg8 26.
Ke1 Re8 27. Rf4 Rf8 28. e6 Qf6 29. Rxf5 Qxf5 30. Qxf5 Rxf5 31. Bd4 Rh7 0-1

[Event "ch-FRA Top 16 GpB"]
[Site "Cannes FRA"]
[Date "2005.04.01"]
[Round "5"]
[White "Rotstein,A"]
[Black "Edouard,R"]
[Result "0-1"]
[WhiteElo "2528"]
[BlackElo "2221"]
[EventDate "2005.03.31"]

1. c4 e5 2. g3 Nf6 3. Bg2 d5 4. cxd5 Nxd5 5. Nf3 Nc6 6. O-O Nde7 7. b4 a6
8. Bb2 Ng6 9. a3 Be7 10. d3 O-O 11. Nbd2 Rb8 12. Rc1 Re8 13. Rc2 Bf8 14.
Qa1 Bf5 15. Rfc1 Qd7 16. Ne4 Bh3 17. Bh1 h6 18. Nc5 Bxc5 19. Rxc5 Nf4 20.
R1c2 e4 21. dxe4 Rxe4 22. e3 Rd8 23. Ne1 Ree8 24. Bxg7 Qg4 25. Bf3 Qxg7 26.
Qxg7+ Kxg7 27. gxf4 Nd4 28. Rd2 Nxf3+ 29. Nxf3 Kf6 30. Rxd8 Rxd8 31. Kh1
Rd1+ 32. Ng1 h5 33. f3 h4 34. Rh5 Bf1 35. Rxh4 Rd3 36. e4 Rxa3 37. Rg4 a5
38. bxa5 Rxa5 39. h4 Rh5 40. Kh2 b5 41. Nh3 Bxh3 42. Kxh3 b4 43. e5+ Ke7
44. Rg1 Rh8 45. Rc1 Rc8 46. h5 c5 47. h6 c4 48. h7 c3 49. Kg4 Rh8 50. Kf5
Rxh7 51. Ke4 Rh4 52. Ke3 Ke6 53. Ke4 f6 54. exf6 Kxf6 55. Ra1 Rh2 56. Rc1
Rb2 57. Ra1 c2 58. Ra6+ Ke7 59. Rc6 b3 60. f5 Rb1 61. f6+ Kf7 0-1

[Event "ch-FRA Top 16 GpB"]
[Site "Cannes FRA"]
[Date "2005.04.01"]
[Round "5"]
[White "Crouan,S"]
[Black "Renet,O"]
[Result "0-1"]
[WhiteElo "2229"]
[BlackElo "2490"]
[EventDate "2005.03.31"]

1. e4 c6 2. d4 d5 3. Nc3 dxe4 4. Nxe4 Bf5 5. Ng3 Bg6 6. h4 h6 7. Nf3 Nd7 8.
Bd3 Bxd3 9. Qxd3 Qc7 10. Bd2 e6 11. O-O-O O-O-O 12. Kb1 Ngf6 13. c4 c5 14.
Qc2 cxd4 15. Nxd4 a6 16. Nb3 Be7 17. Rc1 Nc5 18. Bc3 Rd7 19. Nxc5 Bxc5 20.
Rhd1 Rhd8 21. Rxd7 Rxd7 22. Ne4 Nxe4 23. Qxe4 Bxf2 24. Bxg7 Qg3 25. Bxh6
Qxh4 26. Qh7 Be3 0-1

[Event "ch-FRA Top 16 GpB"]
[Site "Cannes FRA"]
[Date "2005.04.01"]
[Round "5"]
[White "Efimov,I"]
[Black "Gerard,N"]
[Result "1-0"]
[WhiteElo "2468"]
[BlackElo "2329"]
[EventDate "2005.03.31"]

1. d4 Nf6 2. Bg5 Ne4 3. Bf4 c5 4. f3 Qa5+ 5. c3 Nf6 6. Nd2 cxd4 7. Nb3 Qb6
8. Qxd4 Nc6 9. Qxb6 axb6 10. Be3 e5 11. Bxb6 d5 12. a3 Bf5 13. Bf2 Bc2 14.
Nd2 d4 15. Rc1 Bg6 16. cxd4 exd4 17. Nb3 Rd8 18. Nh3 Bf5 19. g4 Be6 20. Nc5
Bc8 21. Nf4 Bd6 22. Bg3 O-O 23. Kf2 Rfe8 24. Bg2 Re7 25. g5 Bxf4 26. Bxf4
Nd5 27. Bd2 Rde8 28. Rhe1 Ne3 29. Ne4 Nxg2 30. Kxg2 Bf5 31. Ng3 Be6 32. Rc5
Rd7 33. Kf2 Ne7 34. Rec1 Nd5 35. Rc8 Rdd8 36. Rxd8 Rxd8 37. Ne4 f5 38. Nc5
Bc8 39. Nb3 Ne7 40. Ba5 Rd5 41. Rc7 Bd7 42. Rxb7 Ng6 43. Bb4 f4 44. Nc5 Bf5
45. a4 Ne5 46. a5 Nc6 47. a6 d3 48. exd3 1-0

[Event "ch-FRA Top 16 GpB"]
[Site "Cannes FRA"]
[Date "2005.04.01"]
[Round "5"]
[White "Delorme,Ax"]
[Black "Miralles,G"]
[Result "0-1"]
[WhiteElo "2206"]
[BlackElo "2485"]
[EventDate "2005.03.31"]

1. e4 e5 2. Nf3 Nc6 3. d4 exd4 4. Nxd4 Bc5 5. Nxc6 Qf6 6. Qf3 dxc6 7. Bc4
Qxf3 8. gxf3 Ne7 9. Be3 Bxe3 10. fxe3 f5 11. Nc3 fxe4 12. Nxe4 Bf5 13. O-O
O-O-O 14. Ng5 Rd6 15. Nf7 Rg6+ 16. Kh1 Rf8 17. e4 Bh3 18. Rg1 b5 19. Bb3 c5
20. Ng5 Bd7 21. Nxh7 Rxf3 22. Rxg6 Nxg6 23. c4 b4 24. Ng5 Rf2 25. Kg1 Rxb2
26. Rf1 a5 27. Rf2 Rb1+ 28. Rf1 Rxf1+ 29. Kxf1 a4 0-1

[Event "ch-FRA Top 16 GpB"]
[Site "Cannes FRA"]
[Date "2005.04.01"]
[Round "5"]
[White "Van Hoolandt,P"]
[Black "Le Roch,D"]
[Result "1-0"]
[WhiteElo "2238"]
[BlackElo "1948"]
[EventDate "2005.03.31"]

1. d4 d5 2. c4 e6 3. Nf3 Be7 4. Nc3 Nf6 5. Qc2 O-O 6. cxd5 exd5 7. Bg5 h6
8. Bh4 b6 9. e3 Bb7 10. Rd1 Nbd7 11. Be2 c5 12. dxc5 bxc5 13. O-O Rc8 14.
Rfe1 Qa5 15. Qd2 Qb4 16. a3 Qg4 17. Nd4 Qxh4 18. Nf5 Ne4 19. Nxh4 Nxd2 20.
Nf5 Bf6 21. Rxd2 Nb6 22. Nd6 Bxc3 23. bxc3 Rc7 24. Nb5 Re7 25. Nxa7 f5 26.
Rb1 Na4 27. Nb5 f4 28. Bf3 fxe3 29. fxe3 Rxe3 30. c4 Nb6 31. Nd6 Nxc4 32.
Nxc4 Rfxf3 33. gxf3 dxc4 34. Rxb7 Rxf3 35. a4 Ra3 36. Ra7 Kh7 37. Rc7 1-0

[Event "ch-FRA Top 16 GpB"]
[Site "Cannes FRA"]
[Date "2005.04.01"]
[Round "5"]
[White "Marchadour,E"]
[Black "Lallemand,R"]
[Result "0-1"]
[WhiteElo "2017"]
[BlackElo "2303"]
[EventDate "2005.03.31"]

1. e4 c5 2. Nf3 d6 3. d4 cxd4 4. Nxd4 Nf6 5. Nc3 Nc6 6. f3 e5 7. Nb3 Be7 8.
Be3 O-O 9. Bc4 Be6 10. Nd5 Rc8 11. Nxf6+ Bxf6 12. Bd5 Bh4+ 13. g3 Bg5 14.
Bxg5 Qxg5 15. O-O Bxd5 16. Qxd5 Nb4 17. Qxb7 Qe3+ 18. Kh1 Rxc2 19. Rae1 Qh6
20. h4 Qe6 21. g4 Qf6 0-1

[Event "ch-FRA Top 16 GpB"]
[Site "Cannes FRA"]
[Date "2005.04.02"]
[Round "6"]
[White "Degraeve,JM"]
[Black "Bauer,Ch"]
[Result "0-1"]
[WhiteElo "2569"]
[BlackElo "2636"]
[EventDate "2005.03.31"]

1. e4 Nf6 2. e5 Nd5 3. d4 d6 4. Nf3 Nc6 5. c4 Nb6 6. exd6 exd6 7. h3 Be7 8.
Nc3 O-O 9. Be2 Bf6 10. O-O Bf5 11. Bf4 Re8 12. Re1 Nb4 13. Rc1 Rxe2 14.
Nxe2 Nd3 15. Qb3 a5 16. Be3 d5 17. c5 a4 18. Qb5 Qd7 19. Qxd7 Nxd7 20. Ng3
Bg6 21. Bg5 Bxg5 22. Nxg5 f6 23. Nf3 Nb8 24. Rc3 Nxe1 25. Nxe1 Nc6 26. Ne2
Ra5 27. Ra3 Rb5 28. Rxa4 Rxb2 29. Nc3 Kf7 30. g4 Rd2 31. Kf1 Rxd4 32. Rxd4
Nxd4 33. Nxd5 c6 34. Nb4 Be4 35. f4 g5 36. f5 Nb5 37. Kf2 Ke7 38. a4 Nc3
39. a5 Kd7 40. a6 bxa6 41. Nxa6 Nd5 0-1

[Event "ch-FRA Top 16 GpB"]
[Site "Cannes FRA"]
[Date "2005.04.02"]
[Round "6"]
[White "Tkachiev,V"]
[Black "Relange,E"]
[Result "1-0"]
[WhiteElo "2609"]
[BlackElo "2500"]
[EventDate "2005.03.31"]

1. d4 Nf6 2. Nf3 g6 3. c4 Bg7 4. Nc3 O-O 5. e4 d6 6. Be2 e5 7. Be3 Ng4 8.
Bg5 f6 9. Bc1 f5 10. Bg5 Qe8 11. dxe5 fxe4 12. Nxe4 Nxe5 13. O-O Nbc6 14.
Nc3 Nxf3+ 15. Bxf3 Qe5 16. Bd5+ Kh8 17. Qd2 Bf5 18. Rad1 Rae8 19. h3 Qd4
20. Qc1 Qb6 21. Be3 Qa6 22. Bh6 Ne5 23. Bxg7+ Kxg7 24. b3 Nd3 25. Qa1 c6
26. Be4 Nf4 27. Bxf5 Rxf5 28. Nd5+ Kh6 29. Nxf4 Rxf4 30. Qc1 g5 31. Rxd6+
Kg7 32. Rd7+ Kg8 33. Qc2 Rfe4 34. Qd2 R4e5 35. Qd6 Qa5 36. Qd1 Qd8 1-0

[Event "ch-FRA Top 16 GpB"]
[Site "Cannes FRA"]
[Date "2005.04.02"]
[Round "6"]
[White "Kazhgaleyev,M"]
[Black "Sebag,M"]
[Result "1-0"]
[WhiteElo "2613"]
[BlackElo "2421"]
[EventDate "2005.03.31"]

1. d4 d5 2. c4 c6 3. Nc3 Nf6 4. Nf3 a6 5. h3 dxc4 6. a4 e6 7. e3 c5 8. Bxc4
cxd4 9. exd4 Nc6 10. O-O Be7 11. Re1 O-O 12. Bg5 Bd7 13. Qe2 Rc8 14. Rad1
Nd5 15. Bxd5 Bxg5 16. Be4 Bf6 17. d5 exd5 18. Rxd5 g6 19. Qd2 Nb8 20. Rd3
Bxc3 21. bxc3 Qf6 22. Bxb7 Rc7 23. Bd5 Bxa4 24. Ne5 Be8 25. Ng4 Qb6 26. Rf3
Bc6 27. Nf6+ Kg7 28. Nh5+ Kh8 29. Qh6 Rg8 30. Nf6 Rg7 31. Ra1 1-0

[Event "ch-FRA Top 16 GpB"]
[Site "Cannes FRA"]
[Date "2005.04.02"]
[Round "6"]
[White "Hernandez,Gi"]
[Black "Gozzoli,Y"]
[Result "1/2-1/2"]
[WhiteElo "2512"]
[BlackElo "2433"]
[EventDate "2005.03.31"]

1. e4 c5 2. Nc3 e6 3. Nf3 a6 4. d4 cxd4 5. Nxd4 d6 6. g3 Bd7 7. Bg2 Nc6 8.
O-O Be7 9. Nb3 Nf6 10. f4 h5 11. h3 Qc7 12. Be3 Rc8 13. Qe2 Na5 14. Nxa5
Qxa5 15. a3 O-O 16. Qf2 Rxc3 17. Bd2 Qa4 18. Bxc3 Nxe4 19. Bxe4 Qxe4 20.
Kh2 Rc8 21. Rae1 Qf5 22. Re3 Bf6 23. g4 hxg4 24. hxg4 Qh7+ 25. Rh3 Qe4 26.
Re3 Qh7+ 27. Rh3 Qe4 28. Qg2 Qxg2+ 29. Kxg2 e5 30. fxe5 Bxe5 31. Bxe5 Rxc2+
32. Rf2 Rxf2+ 33. Kxf2 dxe5 34. Kf3 f6 35. Rh2 Kf7 36. Rh8 Kg6 37. Kg3 Bc6
38. Rh2 Kf7 39. Rh8 g6 40. Rh7+ Ke6 41. Rg7 g5 42. Kf2 Kd5 1/2-1/2

[Event "ch-FRA Top 16 GpB"]
[Site "Cannes FRA"]
[Date "2005.04.02"]
[Round "6"]
[White "Bergez,L"]
[Black "Leconte,M"]
[Result "1-0"]
[WhiteElo "2371"]
[BlackElo "2287"]
[EventDate "2005.03.31"]

1. e4 e6 2. d4 d5 3. Nc3 Bb4 4. Bd3 dxe4 5. Bxe4 Nf6 6. Bf3 O-O 7. Nge2
Nbd7 8. O-O e5 9. Bg5 Be7 10. Ng3 h6 11. Be3 exd4 12. Bxd4 c5 13. Be3 Ne5
14. Be2 Be6 15. Qxd8 Rfxd8 16. f4 Nc4 17. Bf2 Nb6 18. Bf3 Nbd5 19. f5 Bc8
20. Rfe1 Nxc3 21. Rxe7 Nb5 22. Bxc5 Nd4 23. Bxd4 Rxd4 24. Bh5 Bd7 25. Bxf7+
Kf8 26. Rae1 Bc6 27. Bb3 Nd5 28. Bxd5 Rxd5 29. Nh5 Rd2 30. Rxg7 Rxc2 31. f6
Rd8 32. Nf4 Be4 33. Ne6+ 1-0

[Event "ch-FRA Top 16 GpB"]
[Site "Cannes FRA"]
[Date "2005.04.02"]
[Round "6"]
[White "Delchev,A"]
[Black "Hinks Edwards,T"]
[Result "1-0"]
[WhiteElo "2597"]
[BlackElo "2383"]
[EventDate "2005.03.31"]

1. e4 e5 2. Bc4 Nf6 3. d3 Nc6 4. Nf3 Bc5 5. c3 a6 6. O-O d6 7. Bb3 Ba7 8.
Re1 O-O 9. h3 h6 10. Nbd2 Nh5 11. Nf1 Qf6 12. Be3 Nf4 13. Kh2 Be6 14. d4
Ne7 15. dxe5 dxe5 16. Bxa7 Rxa7 17. Ne3 Bxb3 18. axb3 Qe6 19. Qd2 Raa8 20.
Rad1 f6 21. Qd7 Rac8 22. b4 Rf7 23. g3 Qxd7 24. Rxd7 Ne6 25. Red1 Nc6 26.
R7d5 Ne7 27. R5d3 Rff8 28. Rd7 Rf7 29. Nc4 Nc6 30. R7d5 Ng5 31. Nfd2 Ne6
32. Nb3 Ne7 33. R5d3 Nc6 34. Kg2 Kf8 35. h4 h5 36. Ne3 Ke8 37. Kf1 Rd8 38.
Rxd8+ Ncxd8 39. Ke2 Rd7 40. Rf1 Nf7 41. f4 Nd6 42. Nd2 Nd8 43. fxe5 fxe5
44. Nf5 Rf7 45. Nxd6+ cxd6 46. Rd1 Rf6 47. Nc4 Nf7 48. Ne3 Nh6 49. c4 Rg6
50. Rd5 Rxg3 51. Rxd6 Ng4 52. Nf5 Rg2+ 53. Kf3 Rxb2 54. Nxg7+ Kf8 55. Nxh5
Nh2+ 56. Kg3 Nf1+ 57. Kg4 Ne3+ 58. Kg5 Ke7 59. Rb6 Nxc4 60. Rxb7+ Kd6 61.
Ra7 Rxb4 62. Rxa6+ Kc5 63. Nf6 Rb1 64. h5 Rg1+ 65. Kf5 Rf1+ 66. Kg6 Rg1+
67. Kf7 Rh1 68. Ra8 Kd4 69. Rd8+ Ke3 70. h6 Rxh6 71. Ng4+ Kxe4 72. Nxh6 Kf4
73. Ke6 e4 74. Kd5 Nd2 75. Rf8+ Ke3 76. Ng4+ Kd3 77. Nf2+ 1-0

[Event "ch-FRA Top 16 GpB"]
[Site "Cannes FRA"]
[Date "2005.04.02"]
[Round "6"]
[White "Nikolaidis,I"]
[Black "Gurevich,M"]
[Result "0-1"]
[WhiteElo "2520"]
[BlackElo "2634"]
[EventDate "2005.03.31"]

1. d4 d5 2. c4 c6 3. Nf3 Nf6 4. Nc3 e6 5. e3 Nbd7 6. Qc2 Bd6 7. e4 Nxe4 8.
Nxe4 dxe4 9. Qxe4 c5 10. Bg5 Be7 11. Bxe7 Qa5+ 12. Ke2 Kxe7 13. g3 Rd8 14.
Bg2 cxd4 15. Qxd4 Nf6 16. Qe3 Ng4 17. Qg5+ Qxg5 18. Nxg5 Bd7 19. b3 f6 20.
Nh3 Rab8 21. Nf4 Ne5 22. Rhd1 b5 23. Nd3 Nxd3 24. Rxd3 bxc4 25. bxc4 Rb2+
26. Ke3 Bc8 27. Rxd8 Kxd8 28. h4 Kc7 29. Bf1 h6 30. f4 Bd7 31. Be2 Bc6 32.
h5 Kd6 33. g4 Ke7 34. a3 Rb3+ 35. Kd4 Kd6 36. c5+ Kd7 37. g5 hxg5 38. fxg5
fxg5 39. Rg1 e5+ 40. Kc4 Rb2 41. Rxg5 Bb5+ 42. Kc3 Rxe2 43. Kb4 Rb2+ 44.
Kc3 Rh2 45. Kb4 a6 46. Rxg7+ Ke6 47. Rg6+ Kf5 48. c6 Rc2 0-1

[Event "ch-FRA Top 16 GpB"]
[Site "Cannes FRA"]
[Date "2005.04.02"]
[Round "6"]
[White "Eliet,N"]
[Black "Agrest,E"]
[Result "1/2-1/2"]
[WhiteElo "2430"]
[BlackElo "2579"]
[EventDate "2005.03.31"]

1. d4 Nf6 2. Nf3 e6 3. Bg5 h6 4. Bh4 d6 5. e3 g5 6. Bg3 Nh5 7. Bd3 Bg7 8.
Nbd2 Nd7 9. c3 a6 10. Qe2 Qe7 11. h3 Nxg3 12. fxg3 Nb6 13. e4 Nd7 14. g4 b6
15. Nf1 h5 16. gxh5 Rxh5 17. Ng3 Rh8 18. O-O Bb7 19. Rae1 O-O-O 20. Qc2 Nb8
21. Nh2 Rh6 22. Ng4 Rh4 23. Rf2 Rf8 1/2-1/2

[Event "ch-FRA Top 16 GpB"]
[Site "Cannes FRA"]
[Date "2005.04.02"]
[Round "6"]
[White "Vaisser,A"]
[Black "Rausis,I"]
[Result "1/2-1/2"]
[WhiteElo "2581"]
[BlackElo "2500"]
[EventDate "2005.03.31"]

1. d4 d5 2. c4 dxc4 3. e3 Nf6 4. Bxc4 g6 5. Nf3 Bg7 6. Nc3 O-O 7. e4 c5 8.
d5 Bg4 9. h3 Bxf3 10. Qxf3 Nbd7 11. Qe2 Ne8 12. O-O Nd6 13. Bb3 a6 14. a4
b5 15. axb5 axb5 16. Rxa8 Qxa8 17. Nxb5 Qa6 18. Bc4 Nxc4 19. Qxc4 Rb8 20.
Na3 Qxc4 21. Nxc4 Rb4 1/2-1/2

[Event "ch-FRA Top 16 GpB"]
[Site "Cannes FRA"]
[Date "2005.04.02"]
[Round "6"]
[White "Payen,A"]
[Black "Sharif,Me"]
[Result "1/2-1/2"]
[WhiteElo "2384"]
[BlackElo "2463"]
[EventDate "2005.03.31"]

1. d4 e6 2. c4 Nf6 3. g3 d5 4. Nf3 Be7 5. Bg2 O-O 6. O-O c6 7. Qc2 Nbd7 8.
Rd1 b6 9. b3 Ba6 10. Nbd2 Rc8 11. e4 c5 12. exd5 exd5 13. Nf1 cxd4 14. Nxd4
Bc5 1/2-1/2

[Event "ch-FRA Top 16 GpB"]
[Site "Cannes FRA"]
[Date "2005.04.02"]
[Round "6"]
[White "Dunis,A"]
[Black "Vallin,G"]
[Result "1/2-1/2"]
[WhiteElo "2462"]
[BlackElo "2420"]
[EventDate "2005.03.31"]

1. d4 e6 2. c4 Nf6 3. Nf3 d5 4. g3 Be7 5. Bg2 O-O 6. O-O dxc4 7. Qc2 a6 8.
Qxc4 b5 9. Qc2 Bb7 10. Bd2 Be4 11. Qc1 Nc6 12. Be3 Rc8 13. Rd1 Nb4 14. Nc3
Bb7 15. a4 c6 16. Ne5 Nbd5 17. Nd3 Nxe3 18. Qxe3 Nd5 19. Nxd5 cxd5 20. axb5
axb5 21. Nc5 Bxc5 22. dxc5 Ra8 23. Qe5 Qb8 24. Qc3 Qc7 25. b4 Rfd8 26. e3
Bc6 27. Bf1 h6 28. Rxa8 Rxa8 29. Ra1 Rxa1 30. Qxa1 e5 31. Qa6 Qd7 32. Bg2
e4 33. Qb6 g6 34. Bf1 Kg7 35. Be2 Kg8 36. h4 h5 37. Qb8+ Qe8 38. Qd6 Qe6
39. Qb8+ Qe8 40. Qf4 Qe7 41. Kg2 Kg7 42. Qb8 Qe8 43. Qc7 Qd7 44. Qe5+ f6
45. Qb8 Qe8 46. Qb6 Qd7 47. Kg1 Kf7 48. Bf1 f5 49. Be2 Kg7 50. Qb8 Qe8 51.
Qd6 Kf7 52. Bd1 Qe6 53. Qc7+ Qd7 54. Qe5 Qe6 55. Qf4 Ke7 56. Qb8 Kf7 57.
Bb3 Kg7 58. Qc7+ Kg8 59. Kf1 Kf8 60. Qb8+ Kg7 61. Qa7+ Kg8 62. Qa1 Kf7 63.
Qd4 Kg8 64. Ke1 Kh7 65. Kd2 Kg8 66. Kc2 Kh7 67. Qa1 Kg8 68. Qa6 Kf7 69.
Qa7+ Kg8 70. Qb8+ Kg7 71. Qc7+ Kg8 72. Qd8+ Kg7 73. Qb8 Kf7 74. Kb1 Kg7 75.
Qd8 Kf7 76. Kc2 Kg7 77. Qb6 Kf7 78. Qc7+ Kg8 79. Qd8+ Kg7 80. Qc7+ 1/2-1/2

[Event "ch-FRA Top 16 GpB"]
[Site "Cannes FRA"]
[Date "2005.04.02"]
[Round "6"]
[White "Midoux,S"]
[Black "Bujisho,B"]
[Result "1/2-1/2"]
[WhiteElo "2310"]
[BlackElo "2399"]
[EventDate "2005.03.31"]

1. e4 d6 2. d4 Nf6 3. Nc3 g6 4. Be3 c6 5. Qd2 b5 6. Bd3 Nbd7 7. Nf3 Qc7 8.
O-O Bb7 9. h3 b4 10. Ne2 c5 11. dxc5 dxc5 12. e5 c4 13. exf6 Bxf3 14. gxf3
cxd3 15. Qxd3 Qb7 16. fxe7 Bxe7 17. Qe4 Qxe4 18. fxe4 O-O 19. c3 a5 20. Bd4
f5 21. exf5 Rxf5 22. Ng3 Rf3 23. Kg2 Raf8 24. Ne4 h5 25. Rae1 Bh4 26. Nd2
Rd3 27. Nc4 Bf6 28. Rd1 Rxd1 29. Rxd1 bxc3 30. bxc3 Rc8 31. Nxa5 Ra8 32.
Nc6 Rxa2 33. Kf3 Bxd4 34. Rxd4 Nf6 35. Nb4 Rb2 36. Rc4 g5 37. Rc5 Rxf2+ 38.
Kxf2 Ne4+ 39. Ke3 Nxc5 40. Nd5 Kf7 41. Kd4 Nd7 42. Ke4 Nf6+ 43. Nxf6 Kxf6
44. c4 Ke6 45. c5 g4 46. hxg4 hxg4 47. Kf4 Kd5 48. Kxg4 Kxc5 1/2-1/2

[Event "ch-FRA Top 16 GpB"]
[Site "Cannes FRA"]
[Date "2005.04.02"]
[Round "6"]
[White "Nicoara,M"]
[Black "Gervais,C"]
[Result "1/2-1/2"]
[WhiteElo "2242"]
[BlackElo "2121"]
[EventDate "2005.03.31"]

1. d4 Nf6 2. c4 e6 3. Nc3 c5 4. d5 exd5 5. cxd5 d6 6. e4 g6 7. Bb5+ Bd7 8.
a4 Bg7 9. Bf4 Qe7 10. Nge2 O-O 11. Bd3 Na6 12. O-O Nb4 13. Bb1 a6 14. a5
Rfe8 15. h3 Rab8 16. Bh2 Rbd8 17. f4 Bc8 18. Ra3 b5 19. axb6 Qb7 20. Kh1
Qxb6 21. Qd2 Qb7 22. Nc1 Bd7 23. f5 Bb5 24. Rf2 Qe7 25. fxg6 hxg6 26. Bf4
Nh7 27. Nxb5 axb5 28. Ne2 Qb7 29. Bh6 Rd7 30. Bxg7 Kxg7 31. Qc3+ Kg8 32.
Qg3 Re5 33. Ng1 Ng5 34. Qf4 Rde7 35. Qf6 Nxe4 36. Bxe4 Rxe4 37. Qxd6 Qxd5
38. Qb8+ Re8 39. Qxb5 Re1 40. Rf1 Rxf1 41. Qxf1 Nc2 42. Qf3 1/2-1/2

[Event "ch-FRA Top 16 GpB"]
[Site "Cannes FRA"]
[Date "2005.04.02"]
[Round "6"]
[White "Almasi,Z"]
[Black "Templier,N"]
[Result "1-0"]
[WhiteElo "2628"]
[BlackElo "2299"]
[EventDate "2005.03.31"]

1. e4 c5 2. Nf3 d6 3. d4 cxd4 4. Nxd4 Nf6 5. Nc3 Nc6 6. Bg5 e6 7. Qd2 a6 8.
O-O-O h6 9. Be3 Bd7 10. f3 b5 11. Kb1 Ne5 12. Bd3 b4 13. Nce2 d5 14. exd5
Nxd5 15. Nf4 Nxf4 16. Bxf4 Nxd3 17. Qxd3 Be7 18. Rhe1 O-O 19. Nf5 exf5 20.
Qxd7 Qxd7 21. Rxd7 Bc5 22. Rd5 Rac8 23. Rxf5 Rfd8 24. Kc1 Bd4 25. Re7 Bf6
26. Re4 Bd4 27. Be3 g6 28. Ra5 Bxe3+ 29. Rxe3 Rc6 30. b3 Kg7 31. Rae5 Kf6
32. R5e4 Rdc8 33. Re2 a5 34. Rf4+ Kg7 35. Rd4 R8c7 36. Rd5 Ra6 37. Ree5
Rac6 38. c4 bxc3 39. Rxa5 f6 40. Re2 Rd6 41. Kc2 Rd4 42. Ra8 Kf7 43. Rh8
Kg7 44. Rhe8 1-0

[Event "ch-FRA Top 16 GpB"]
[Site "Cannes FRA"]
[Date "2005.04.02"]
[Round "6"]
[White "Wirig,A"]
[Black "Marciano,D"]
[Result "1/2-1/2"]
[WhiteElo "2396"]
[BlackElo "2522"]
[EventDate "2005.03.31"]

1. Nf3 d5 2. c4 e6 3. e3 Nf6 4. b3 Bd6 5. Bb2 O-O 6. Be2 b6 7. Nc3 Bb7 8.
O-O c5 9. cxd5 Nxd5 10. d4 Nxc3 1/2-1/2

[Event "ch-FRA Top 16 GpB"]
[Site "Cannes FRA"]
[Date "2005.04.02"]
[Round "6"]
[White "Dorfman,J"]
[Black "Brunner,N"]
[Result "1-0"]
[WhiteElo "2603"]
[BlackElo "2288"]
[EventDate "2005.03.31"]

1. d4 Nf6 2. c4 e6 3. Nf3 Bb4+ 4. Bd2 Qe7 5. g3 Bxd2+ 6. Qxd2 O-O 7. Bg2 d6
8. Nc3 Re8 9. O-O e5 10. e4 Bg4 11. Ne1 Nc6 12. Nc2 exd4 13. Nxd4 Ne5 14.
b3 c5 15. Nf5 Bxf5 16. exf5 Nc6 17. h3 h5 18. Rae1 Qd7 19. Qf4 Nd4 20. g4
hxg4 21. hxg4 Rxe1 22. Rxe1 Re8 23. Re3 Rxe3 24. fxe3 Nc6 25. g5 Ne8 26. f6
Ne5 27. Nd5 Nc6 28. Qe4 Kf8 29. Kf2 b6 30. Kg3 gxf6 31. gxf6 Qe6 32. Bf3
Ne5 33. Qf4 Ng6 34. Qg5 Qe5+ 35. Qxe5 Nxe5 36. Bg4 Nd3 37. a3 Ne1 38. Bd1
Nd3 39. Bc2 Ne5 40. Bf5 Nc6 41. Bd7 Ne5 42. Bb5 Nd3 43. Kg4 Ne1 44. Kh5 Nc2
45. Kh6 Nxf6 46. Nxf6 Nxe3 47. Nd5 Nc2 48. a4 Nd4 49. b4 cxb4 50. Nxb4 Ke7
51. Kg5 Ke6 52. Kf4 Nb3 53. Nc6 d5 54. Nxa7 Na5 55. Nc8 dxc4 56. Nxb6 c3
57. Ke3 Nb7 58. Kd3 Nc5+ 59. Kxc3 Nxa4+ 60. Bxa4 Ke5 61. Kd3 Kf4 62. Be8 f5
63. Bd7 Ke5 64. Nc4+ Kf4 65. Ne3 Ke5 66. Bxf5 Kd6 67. Kd4 Ke7 68. Ke5 Kf7
69. Nd5 Kg7 70. Nc3 Kf7 71. Ne4 Kg7 72. Ke6 Kf8 73. Nf6 Kg7 74. Ng4 Kf8 75.
Bg6 Kg7 76. Kf5 Kf8 77. Kf6 Kg8 78. Ne5 Kh8 79. Nf7+ Kg8 80. Bf5 Kf8 81.
Bh7 Ke8 82. Ne5 Kd8 83. Ke6 Kc7 84. Nd7 Kc6 85. Bd3 Kc7 86. Bb5 Kd8 87. Nb6
Kc7 88. Nd5+ Kc8 89. Ke7 Kb7 90. Kd7 1-0

[Event "ch-FRA Top 16 GpB"]
[Site "Cannes FRA"]
[Date "2005.04.02"]
[Round "6"]
[White "Becker,Marc1"]
[Black "Miralles,G"]
[Result "0-1"]
[WhiteElo "2384"]
[BlackElo "2485"]
[EventDate "2005.03.31"]

1. c4 e5 2. g3 Nf6 3. Bg2 d5 4. cxd5 Nxd5 5. Nf3 Nc6 6. O-O Nb6 7. d3 Be7
8. Nbd2 O-O 9. a3 Re8 10. b3 Nd4 11. Bb2 c6 12. e3 Nxf3+ 13. Nxf3 Bf6 14.
Qc2 Bf5 15. Rfd1 Qd7 16. Ne1 Rad8 17. Rac1 h5 18. Qb1 h4 19. Rd2 Be6 20.
Nf3 Bh3 21. Bh1 Qf5 22. Rc5 Nd7 23. Rc4 Bg4 24. Ne1 Qh5 25. Ra4 Nc5 26.
Rxa7 Nxb3 27. Rc2 Bd1 28. Rxb7 Bxc2 29. Qxc2 Na5 30. Ra7 Ra8 31. Rxa8 Rxa8
32. Bf3 Qf5 33. g4 Qe6 34. h3 Qa2 35. Be4 Rb8 36. Bc3 Qxc2 37. Nxc2 Rb1+
38. Ne1 Nb3 39. Kg2 Rc1 40. g5 Be7 0-1

[Event "ch-FRA Top 16 GpB"]
[Site "Cannes FRA"]
[Date "2005.04.02"]
[Round "6"]
[White "Renet,O"]
[Black "Bijaoui,M"]
[Result "1-0"]
[WhiteElo "2490"]
[BlackElo "2345"]
[EventDate "2005.03.31"]

1. e4 c5 2. c3 d5 3. exd5 Qxd5 4. d4 Nc6 5. Nf3 Nf6 6. Be2 cxd4 7. cxd4 e6
8. Nc3 Qd6 9. O-O Be7 10. Nb5 Qd8 11. Bf4 Nd5 12. Bg3 a6 13. Nc3 O-O 14.
Rc1 Nxc3 15. bxc3 b5 16. c4 bxc4 17. Bxc4 Bb7 18. d5 exd5 19. Bxd5 Na5 20.
Bxb7 Nxb7 21. Rc7 Na5 22. Qe1 1-0

[Event "ch-FRA Top 16 GpB"]
[Site "Cannes FRA"]
[Date "2005.04.02"]
[Round "6"]
[White "Cappon,J"]
[Black "Efimov,I"]
[Result "1/2-1/2"]
[WhiteElo "2186"]
[BlackElo "2468"]
[EventDate "2005.03.31"]

1. e4 c5 2. Nc3 a6 3. Nf3 e6 4. d4 cxd4 5. Nxd4 Qc7 6. Be2 Nf6 7. O-O Bc5
8. Be3 O-O 9. a4 d6 10. Qd3 Nbd7 11. f4 e5 12. Nf5 exf4 13. Bxc5 dxc5 14.
Ne7+ Kh8 15. Ned5 Nxd5 16. exd5 Ne5 17. Qd2 g5 18. Ne4 f6 19. Qc3 Bf5 20.
d6 Qc6 21. Nxg5 Qxd6 22. Rad1 Qe7 23. Rd5 Qg7 24. Nf3 Ng4 25. Rxf5 Ne3 26.
Nh4 Nxf5 27. Nxf5 Qg5 28. Nd6 Rad8 29. Nxb7 Rd5 30. Bf3 Re5 31. Nd6 Qg6 32.
Nc4 Rg5 33. Qd2 h5 34. Qxf4 Qxc2 35. Ne3 Qxb2 36. h4 Qe5 37. Nd5 Qxf4 38.
Nxf4 Rgg8 39. Rc1 Rc8 40. Nxh5 f5 41. Nf4 c4 42. Rc3 Rgd8 43. Bb7 Rb8 44.
Bxa6 Rb4 45. Bb5 1/2-1/2